| 000 | 00349nam a22001457a 4500 | ||
|---|---|---|---|
| 008 | 221213b ||||| |||| 00| 0 eng d | ||
| 020 | _a9780443056123 | ||
| 041 | _aeng | ||
| 080 |
_2FOURTH EDITION _a611.085 |
||
| 082 | _a611.085LIV | ||
| 100 | _a15.1 | ||
| 101 | _aHISTOL | ||
| 245 |
_aWHEATER'S FUNCTIONAL HISTOLOGY _cYOUNG B |
||
| 942 |
_2udc _cBK |
||
| 999 |
_c59180 _d59180 |
||